Lippincott's Photo Atlas of Medication Administration / (Record no. 10844)
[ view plain ]
| 000 -LEADER | |
|---|---|
| fixed length control field | 01642cam a22003254a 4500 |
| 001 - CONTROL NUMBER | |
| control field | 15237104 |
| 005 - DATE AND TIME OF LATEST TRANSACTION | |
| control field | 20080429184259.0 |
| 008 - FIXED-LENGTH DATA ELEMENTS--GENERAL INFORMATION | |
| fixed length control field | 080328s2008 paua |r 000 0 eng |
| 010 ## - LIBRARY OF CONGRESS CONTROL NUMBER | |
| LC control number | 2008272772 |
| 020 ## - INTERNATIONAL STANDARD BOOK NUMBER | |
| International Standard Book Number | 9780781769235 |
| 020 ## - INTERNATIONAL STANDARD BOOK NUMBER | |
| International Standard Book Number | 078176923X |
| 040 ## - CATALOGING SOURCE | |
| Original cataloging agency | DLC |
| Transcribing agency | DLC |
| Modifying agency | DLC |
| 050 00 - LIBRARY OF CONGRESS CALL NUMBER | |
| Classification number | RM147 |
| Item number | .E936 2008 |
| 082 00 - DEWEY DECIMAL CLASSIFICATION NUMBER | |
| Classification number | 615.6 |
| Edition number | 22 |
| Item number | LYN |
| 100 1# - MAIN ENTRY--PERSONAL NAME | |
| Personal name | Lynn, Pamela Barbara, |
| Dates associated with a name | 1961- |
| 9 (RLIN) | 12327 |
| 245 10 - TITLE STATEMENT | |
| Title | Lippincott's Photo Atlas of Medication Administration / |
| Statement of responsibility, etc | Pamela Lynn. |
| 246 30 - VARYING FORM OF TITLE | |
| Title proper/short title | Photo atlas of medication administration |
| 246 14 - VARYING FORM OF TITLE | |
| Title proper/short title | Lippincott's atlas of medication administration |
| 250 ## - EDITION STATEMENT | |
| Edition statement | 3rd ed. |
| 260 ## - PUBLICATION, DISTRIBUTION, ETC. (IMPRINT) | |
| Place of publication, distribution, etc | Philadelphia, PA : |
| Name of publisher, distributor, etc | Wolters Kluwer/Lippincott Williams & Wilkins, 2008 |
| Date of publication, distribution, etc | c2008. |
| 300 ## - PHYSICAL DESCRIPTION | |
| Extent | 74 p. : |
| Other physical details | col. ill. ; |
| Dimensions | 28 cm. |
| 650 #0 - SUBJECT ADDED ENTRY--TOPICAL TERM | |
| Topical term or geographic name as entry element | Drugs |
| General subdivision | Administration |
| Form subdivision | Atlases. |
| 9 (RLIN) | 12328 |
| 650 #0 - SUBJECT ADDED ENTRY--TOPICAL TERM | |
| Topical term or geographic name as entry element | Nursing |
| Form subdivision | Atlases. |
| 9 (RLIN) | 12329 |
| 700 1# - ADDED ENTRY--PERSONAL NAME | |
| Personal name | Evans-Smith, Pamela. |
| Title of a work | Lippincott's photo atlas of medication administration. |
| 9 (RLIN) | 12330 |
| 942 ## - ADDED ENTRY ELEMENTS (KOHA) | |
| Source of classification or shelving scheme | Dewey Decimal Classification |
| Item type | |
| Withdrawn status | Item status | Source of classification or shelving scheme | Damaged status | Not for loan | Vendor | Home library | Current library | Shelving location | Date acquired | Source of acquisition | Cost, normal purchase price | Serial Enumeration / chronology | Total Checkouts | Total Renewals | Full call number | Barcode | Date last seen | Date last borrowed | Koha item type |
|---|---|---|---|---|---|---|---|---|---|---|---|---|---|---|---|---|---|---|---|
| Dewey Decimal Classification | Central Library | Central Library | First floor | 16/02/2009 | 86.00 | 0924 | 6 | 22 | 615.6 LYN | 000014753 | 15/07/2025 | 22/10/2015 | Book - Borrowing | ||||||
| Dewey Decimal Classification | Central Library | Central Library | First floor | 16/02/2009 | 86.00 | 0923 | 2 | 10 | 615.6 LYN | 000014754 | 15/07/2025 | 22/10/2015 | Book - Borrowing | ||||||
| Dewey Decimal Classification | unknown | Central Library | Central Library | First floor | 07/03/2010 | 3 | 2 | 615.6 LYN | 000020060 | 15/07/2025 | 18/03/2013 | Book - Borrowing |